5HLuxD.jpg

KING HENRY VIII SENIOR AND PRIMARY SCHOOL LIBRARY OPAC

Jane Goodall / (Record no. 1950)

000 -LEADER
fixed length control field 01400cam a2200349 i 4500
001 - CONTROL NUMBER
control field 18598425
003 - CONTROL NUMBER IDENTIFIER
control field OSt
005 - DATE AND TIME OF LATEST TRANSACTION
control field 20230220143747.0
008 - FIXED-LENGTH DATA ELEMENTS--GENERAL INFORMATION
fixed length control field 150430s2015 nyu j 001 0beng
010 ## - LIBRARY OF CONGRESS CONTROL NUMBER
LC control number 2015017318
020 ## - INTERNATIONAL STANDARD BOOK NUMBER
International Standard Book Number 9780531214268 (pbk.)
040 ## - CATALOGING SOURCE
Original cataloging agency DLC
Language of cataloging eng
Transcribing agency DLC
Description conventions rda
Modifying agency DLC
-- KH8
042 ## - AUTHENTICATION CODE
Authentication code pcc
043 ## - GEOGRAPHIC AREA CODE
Geographic area code e-uk-en
-- f-tz---
082 00 - DEWEY DECIMAL CLASSIFICATION NUMBER
Classification number 591.092 SHE
Edition number 23
100 1# - MAIN ENTRY--PERSONAL NAME
Personal name Shepherd, Jodie.
Relator term author
245 10 - TITLE STATEMENT
Title Jane Goodall /
Statement of responsibility, etc. by Jodie Shepherd ; content consultant, Nanci R. Vargus, Ed. D., Professor Emeritus, University of Indianapolis, reading consultant, Jeanne M. Clidas, Ph. D., Reading Specialist.
264 #1 - PRODUCTION, PUBLICATION, DISTRIBUTION, MANUFACTURE, AND COPYRIGHT NOTICE
Place of production, publication, distribution, manufacture New York :
Name of producer, publisher, distributor, manufacturer Children's Press, an imprint of Scholastic Inc.,
Date of production, publication, distribution, manufacture, or copyright notice 2015.
300 ## - PHYSICAL DESCRIPTION
Extent 32 pages :
Other physical details illustrations (chiefly color) ;
Dimensions 19 cm.
336 ## - CONTENT TYPE
Content type term text
Source rdacontent
337 ## - MEDIA TYPE
Media type term unmediated
Source rdamedia
338 ## - CARRIER TYPE
Carrier type term volume
Source rdacarrier
490 0# - SERIES STATEMENT
Series statement Rookie biographies
500 ## - GENERAL NOTE
General note Includes index.
600 10 - SUBJECT ADDED ENTRY--PERSONAL NAME
Personal name Goodall, Jane,
Dates associated with a name 1934-
Form subdivision Juvenile literature.
650 #0 - SUBJECT ADDED ENTRY--TOPICAL TERM
Topical term or geographic name entry element Women primatologists
Geographic subdivision England
Form subdivision Biography
-- Juvenile literature.
650 #0 - SUBJECT ADDED ENTRY--TOPICAL TERM
Topical term or geographic name entry element Chimpanzees
Geographic subdivision Tanzania
-- Gombe National Park
Form subdivision Juvenile literature.
650 #0 - SUBJECT ADDED ENTRY--TOPICAL TERM
Topical term or geographic name entry element Wildlife conservation
Form subdivision Juvenile literature.
906 ## - LOCAL DATA ELEMENT F, LDF (RLIN)
a 7
b cbc
c orignew
d 1
e ecip
f 20
g y-gencatlg
942 ## - ADDED ENTRY ELEMENTS (KOHA)
Source of classification or shelving scheme
Koha item type Books - Non Ficton
Holdings
Withdrawn status Lost status Source of classification or shelving scheme Damaged status Not for loan Collection code Permanent Location Current Location Shelving location Date acquired Total Checkouts Full call number Barcode Date last seen Date last checked out Price effective from Koha item type
          Non-Fiction KH8 Primary School Library KH8 Primary School Library Non Fiction 2023-02-20 5 591.092 SHE KHPL000003667 2025-12-05 2025-06-04 2023-02-20 Books - Non Ficton

Powered By KH8 IT Dept